| 000 | 00629cab a2200217 4500 | ||
|---|---|---|---|
| 001 | WB2337-31 | ||
| 008 | 090401t1987 xxu||||| |||| 00| 0 eng d | ||
| 035 | _a(Sirsi) u649 | ||
| 041 | _aeng | ||
| 245 | _aFixed fees for house buying services | ||
| 260 | _c1987 | ||
| 350 | _a0 | ||
| 490 |
_aTimes _v14/9/87 p3 |
||
| 520 | _aSolicitors have set up a company called Conveyancing Exchange which aims to provide a fixed fee package for home buyers. | ||
| 650 | _aCONVEYANCING | ||
| 650 | _aFINANCIAL SERVICES ACT 1986 | ||
| 650 | _aHOUSE PURCHASE | ||
| 690 | _aPROPERTY LAW AND PRACTICE | ||
| 942 | _n0 | ||
| 948 | _c04/03/1997 | ||
| 999 |
_c325 _d325 |
||